000 01575cam a22003495a 4500
001 13719035
005 20151108175050.0
008 040914s2005 nyub frb 001 0 eng d
020 _a0815630786 (hardcover (cloth) : alk. paper)
020 _a9780815630784
020 _a0815630786
040 _aDLC
_beng
_cDLC
_dDLC
_dEG-ScBUE
_dEG-ScBUE
043 _ama-----
_aa-jo---
082 0 4 _a069.082095695
_bMAL
_222
100 1 _aMalt, Carol.
_938692
245 1 0 _aWomen's voices in Middle East museums :
_bcase studies in Jordan /
_cCarol Malt.
250 _a1st ed.
260 _aSyracuse :
_bSyracuse University Press,
_c2005.
300 _axxxvii, 138 p. :
_bmap ;
_c24 cm.
490 0 _aGender, culture, and politics in the Middle East
500 _aIndex : p. 129-138.
504 _aBibliography : p. 119-128.
521 _aThis book begins with an historical overview of the women of Turkey, Syria, Lebanon, Jordan, Iraq, and the West Bank of Palestine and then focuses on the museums of Jordan and the women who work in them. Carol Malt interweaves a history of Islam and a discussion of the emerging public role of women in Muslim society.
650 0 _aMuseums
_zArab countries
_xHistory.
_2BUEsh
650 0 _aMuseums
_zJordan
_xHistory.
_2BUEsh
650 0 _aWomen
_zArab countries
_xHistory.
_2BUEsh
_936613
650 0 _aMuslim women
_zArab countries
_xHistory.
_2BUEsh
650 0 _aCivilization, Arab.
_2BUEsh
_920663
651 0 _aArab countries
_xIntellectual life.
_2BUEsh
653 _bBUSBOL
_cSeptember2015
_cNovember2015
942 _2ddc
_k069.082095695 MAL
999 _c20844
_d20816